Ordre d'admission des états composant les Etats-Unis - Statistiques

Statistiques générales
  • Ce quiz a été pris 97 fois
  • Le résultat moyen est 20 sur 50
Statistiques - réponses
Ordre d'adhésion Etats Dates de ratification (Dates d'admission) % Correct
01 Delaware 7 décembre 1787 (4 juillet 1776)
84%
50 Hawaï 21 août 1959
78%
49 Alaska 3 janvier 1959
72%
02 Pennsylvanie 12 décembre 1787 (4 juillet 1776)
67%
03 New Jersey 18 décembre 1787 (4 juillet 1776)
63%
05 Connecticut 9 janvier 1788 (4 juillet 1776)
61%
11 New York 26 juillet 1788 (4 juillet 1776)
59%
10 Virginie 25 juin 1788 (4 juillet 1776)
56%
07 Maryland 28 avril 1788 (4 juillet 1776)
55%
06 Massachusetts 6 février 1788 (4 juillet 1776)
53%
09 New Hampshire 21 juin 1788 (4 juillet 1776)
53%
13 Rhode Island 29 mai 1790 (4 juillet 1776)
53%
14 Vermont 4 mars 1791
52%
18 Louisiane 30 avril 1812
50%
12 Caroline du Nord 21 novembre 1789 (4 juillet 1776)
47%
08 Caroline du Sud 23 mai 1788 (4 juillet 1776)
47%
04 Géorgie 2 janvier 1788 (4 juillet 1776)
47%
17 Ohio 1er mars 1803
44%
22 Alabama 4 décembre 1819
42%
23 Maine 15 mars 1820
41%
16 Tennessee 1er juin 1796
41%
28 Texas 29 décembre 1845
39%
48 Arizona 14 février 1912
38%
31 Californie 9 septembre 1850
38%
15 Kentucky 1er juin 1792
36%
25 Arkansas 15 juin 1836
34%
27 Floride 3 mars 1845
34%
20 Mississippi 10 décembre 1817
34%
26 Michigan 26 janvier 1837
33%
47 Nouveau-Mexique 6 janvier 1912
33%
24 Missouri 10 août 1821
31%
39 Dakota du Nord 2 novembre 1889
30%
40 Dakota du Sud 2 novembre 1889
30%
19 Indiana 11 décembre 1816
30%
36 Nevada 31 octobre 1864
30%
21 Illinois 3 décembre 1818
28%
29 Iowa 28 décembre 1846
28%
35 Virginie-Occidentale 20 juin 1863
27%
42 Washington 11 novembre 1889
27%
34 Kansas 29 janvier 1861
25%
46 Oklahoma 16 novembre 1907
25%
33 Oregon 14 février 1859
25%
45 Utah 4 janvier 1896
25%
30 Wisconsin 29 mai 1848
25%
32 Minnesota 11 mai 1858
23%
41 Montana 8 novembre 1889
23%
37 Nebraska 1er mars 1867
23%
44 Wyoming 10 juillet 1890
23%
38 Colorado 1er août 1876
20%
43 Idaho 3 juillet 1890
20%
Aucun quiz correspondant
Distribution des résultats
% des personnes avec chaque résultat
Percentile par nombre de réponses
Votre historique - résultats
Vous n’avez pas pris ce quiz